VILO - Morza świata - Statystyki

Ogólne statystyki
  • Ten quiz został rozwiązany 165 razy
    164 od ostatniego zresetowania
  • Średni wynik to 23 z 38
Odpowiedzi na mapie
Odpowiedzi zakodowano w zielono-czerwonej skali na mapie do tego quizu, zgodnie z poniższymi procentami.
 
Statystyki odpowiedzi
Odpowiedź % Poprawnych
Morze Bałtyckie
93%
Morze Japońskie
90%
Morze Arabskie
88%
Morze Karaibskie
88%
Morze Norweskie
85%
Morze Czarne
83%
Morze Czerwone
80%
Morze Adriatyckie
78%
Morze Południowochińskie
78%
Morze Egejskie
76%
Morze Północne
76%
Morze Wschodniochińskie
73%
Morze Azowskie
71%
Morze Koralowe
71%
Morze Żółte
68%
Morze Celtyckie
66%
Morze Beringa
63%
Morze Filipińskie
61%
Morze Labradorskie
61%
Morze Andamańskie
56%
Morze Timor
56%
Morze Marmara
54%
Morze Białe
51%
Morze Jawajskie
51%
Morze Jońskie
49%
Morze Liguryjskie
49%
Morze Wschodniosyberyjskie
49%
Morze Beauforta
46%
Morze Karskie
44%
Morze Baffina
41%
Morze Banda
41%
Morze Ochockie
41%
Morze Tyrreńskie
41%
Morze Celebes
37%
Morze Sulu
37%
Morze Barentsa
34%
Morze Laptiewów
34%
Morze Arafura
29%
Nie znaleziono quizów pasujących do podanych kryteriów
Rozkład punktacji
Procent ludzi z każdym wynikiem
Percentyl według liczby udzielonych odpowiedzi
Twoja historia wyników
Nie rozwiązałeś tego quizu od ostatniego zresetowania